LEADER 00957nam0-22003251i-450 001 990007046140403321 005 20180409162351.0 010 $a3-8051-0731-5 035 $a000704614 035 $aFED01000704614 035 $a(Aleph)000704614FED01 035 $a000704614 100 $a20020213e19991877km-y0itay50------ba 101 0 $ager 102 $aDE 105 $ay-------001yy 200 1 $aPandekten$fvon Georg Friedrich Puchta 210 $aGoldbach$cKeip Verlag$dc1999 215 $aXXIV, 811 p.$d24 cm 225 1 $a100 Jahre bürgerliches Gesetzbuch$iPandektenrecht$v18 324 $aNachdr. der 12. Aufl. besorgt von Schirmer: Leipzig : Barth, 1877 676 $a340.54$v21$zita 700 1$aPuchta,$bGeorg Friedrich$f<1798-1846>$0259060 801 0$aIT$bUNINA$gRICA$2UNIMARC 901 $aBK 912 $a990007046140403321 952 $aIV M 319 (18)$b40171*$fFGBC 959 $aFGBC 996 $aPandekten$9707359 997 $aUNINA LEADER 01363nam--2200409---450- 001 990000551700203316 005 20071214121242.0 010 $a88-222-3604-1 035 $a0055170 035 $aUSA010055170 035 $a(ALEPH)000055170USA01 035 $a0055170 100 $a20010709d1988----km-y0itay0103----ba 101 $aita 102 $aIT 105 $a||||||||001yy 200 1 $a<> "riposi di Pindo"$estudi su Claudio Achillini (1574-1640)$fAngelo Colombo 210 $aFirenzed$cL.S. Olschki$d1988 215 $a227 p.$d26 cm 225 2 $aBiblioteca dell'Archivum Romanicum$hSer.1$iStoria, letteratura, palegrafia$x0066-6807$v213 410 $12001$aBiblioteca dell'Archivum Romanicum$hSer.1$iStoria, letteratura, palegrafia$x0066-6807$v213 461 1$1001-------$12001 606 0 $aAchillini, Claudio$xSaggi 676 $a851.5 700 1$aCOLOMBO,$bAngelo$0166081 801 0$aIT$bsalbc$gISBD 912 $a990000551700203316 951 $aVI.3. Coll. 121/ 114 (V E COLL 10/213)$b30708 LM$cV E COLL 959 $aBK 969 $aUMA 979 $aPATTY$b90$c20010709$lUSA01$h1129 979 $c20020403$lUSA01$h1704 979 $aPATRY$b90$c20040406$lUSA01$h1638 979 $aCOPAT4$b90$c20070228$lUSA01$h1212 979 $aRIVELLI$b90$c20071214$lUSA01$h1212 996 $aRiposi di pindo"$9256666 997 $aUNISA